[Event "First Saturday 2011 marcius FM-B"]
[Site "Budapest"]
[Date "2011.03.05"]
[Round "1.1"]
[White "Csetneki, Mark"]
[Black "Yilmaz, Harun"]
[Result "0-1"]
[WhiteElo "1640"]
[BlackElo "1568"]
[PlyCount "118"]
[EventDate "2011.03.05"]

1. d4 d5 2. c4 c6 3. Nc3 Nf6 4. cxd5 cxd5 5. Nf3 Nc6 6. Bf4 e6 7. e3 Bb4 8. Qb3
Qa5 9. Bd3 O-O 10. O-O a6 11. Rac1 Be7 12. Bb1 Qb4 13. Qxb4 Bxb4 14. Na4 Nd7
15. Ne5 Ncxe5 16. Bxe5 b5 17. Nc3 Bb7 18. Bg3 Rac8 19. Ne2 Nb6 20. b3 Ba3 21.
Rc7 Rxc7 22. Bxc7 Nd7 23. Rd1 Rc8 24. Bg3 Nf6 25. f3 Kf8 26. Nf4 Rc1 27. Rxc1
Bxc1 28. Kf2 Ke7 29. Nd3 Ba3 30. b4 Nd7 31. Bc7 f6 32. Ba5 e5 33. Ke2 e4 34.
Nf2 f5 35. Nd1 Nb8 36. Kd2 Nc6 37. Kc3 Kd6 38. f4 Bc8 39. Kb3 Nxa5+ 40. bxa5 b4
41. Nb2 Bxb2 42. Kxb2 Kc6 43. a3 bxa3+ 44. Kxa3 Kb5 45. Ba2 Be6 46. Kb3 Kxa5
47. Kc3 Ka4 48. Bb3+ Ka3 49. Bc2 Bd7 50. Bb3 Bc6 51. Bc2 Ba4 52. Bb1 a5 53. h3
Bd1 54. g3 a4 55. Bc2 Bxc2 56. Kxc2 Kb4 57. g4 g6 58. g5 a3 59. h4 Kc4 0-1

[Event "First Saturday 2011 marcius FM-B"]
[Site "Budapest"]
[Date "2011.03.05"]
[Round "1.1"]
[White "Klement, Bence"]
[Black "Breen, Anthony"]
[Result "1-0"]
[WhiteElo "1697"]
[BlackElo "1669"]
[PlyCount "37"]
[EventDate "2011.03.05"]

1. d4 Nf6 2. c4 g6 3. Nc3 Bg7 4. Nf3 O-O 5. e3 c5 6. Be2 b6 7. O-O Bb7 8. a3
cxd4 9. exd4 d5 10. cxd5 Nxd5 11. Bc4 Na6 12. Nxd5 Rc8 13. Ne3 Nb8 14. Ne5 e6
15. Qb3 Qxd4 16. Nxf7 Rxc4 17. Qxc4 Qxc4 18. Nxc4 Kxf7 19. Nd6+ 1-0

[Event "First Saturday 2011 marcius FM-B"]
[Site "Budapest"]
[Date "2011.03.05"]
[Round "1.1"]
[White "Hegedus, Peter dr"]
[Black "Czipp, Janos"]
[Result "1-0"]
[WhiteElo "1792"]
[BlackElo "1599"]
[PlyCount "91"]
[EventDate "2011.03.05"]

1. e4 g6 2. d4 d6 3. Nf3 Nd7 4. Bc4 Bg7 5. c3 e5 6. O-O Ngf6 7. dxe5 dxe5 8.
Qe2 O-O 9. Rd1 Qe8 10. b4 Nb6 11. Bd3 Bd7 12. b5 c6 13. Ba3 c5 14. Bxc5 Rc8 15.
Bxf8 Bxf8 16. a4 Bg4 17. h3 Bxf3 18. Qxf3 Bg7 19. a5 Nbd7 20. c4 Nc5 21. Nc3
Qe6 22. Rac1 Nh5 23. Nd5 Nf6 24. b6 a6 25. Nc7 Qc6 26. Nd5 Qe6 27. Bc2 Kf8 28.
Nxf6 Bxf6 29. Rd5 Be7 30. Rcd1 Ke8 31. Qe3 g5 32. Qc3 f6 33. Qf3 Qf7 34. Qf5
Ne6 35. Ba4+ Kf8 36. Rc1 Rc5 37. Rxc5 Bxc5 38. Qg4 Bd4 39. c5 Nxc5 40. Rxc5
Bxc5 41. Qc8+ Kg7 42. Qxc5 Kg6 43. Qd5 Qe7 44. Bb3 Kh6 45. Qf7 Qb4 46. Qxf6+
1-0

[Event "First Saturday 2011 marcius FM-B"]
[Site "Budapest"]
[Date "2011.03.06"]
[Round "1.2"]
[White "Yilmaz, Harun"]
[Black "Czipp, Janos"]
[Result "1/2-1/2"]
[WhiteElo "1568"]
[BlackElo "1599"]
[PlyCount "155"]
[EventDate "2011.03.05"]

1. e4 d6 2. d4 g6 3. Nf3 Bg7 4. Nc3 Bg4 5. Be2 Nf6 6. Bg5 O-O 7. O-O h6 8. Bh4
g5 9. Bg3 c6 10. h3 Bh5 11. Re1 Qa5 12. Qd2 Nfd7 13. Rad1 e5 14. d5 c5 15. Nb5
Qb6 16. Nc3 Nf6 17. Qd3 a6 18. Rb1 Qc7 19. Nd1 Bg6 20. Nc3 Nbd7 21. a4 Nh5 22.
Nd2 Nf4 23. Bxf4 exf4 24. Nf3 Rfe8 25. Bf1 Re7 26. Qd2 Rae8 27. e5 Nxe5 28.
Nxe5 Bxe5 29. Bc4 Bd4 30. Ne2 Bf6 31. Nc3 Re5 32. Re2 Qe7 33. Rbe1 Qf8 34. Kf1
Qg7 35. Rxe5 Rxe5 36. Rxe5 Bxe5 37. Ne2 f5 38. b4 g4 39. Nxf4 cxb4 40. Ne6 Qe7
41. Qxh6 Qf6 42. hxg4 fxg4 43. Qg5 Qxg5 44. Nxg5 Bxc2 45. Ke2 Bc3 46. f3 b3 47.
Ne4 gxf3+ 48. gxf3 Bb4 49. Bd3 Kf8 50. Nd2 Ke7 51. Bxc2 bxc2 52. Nb3 Ba3 53.
Kd2 c1=Q+ 54. Nxc1 Bxc1+ 55. Kxc1 Kf6 56. Kd2 Ke5 57. Kd3 b5 58. axb5 axb5 59.
Kc3 Kf4 60. Kb4 Kxf3 61. Kxb5 Ke4 62. Kc4 Ke5 63. Kc3 Kxd5 64. Kd3 Ke5 65. Ke3
d5 66. Kd3 d4 67. Kd2 Ke4 68. Ke2 Ke5 69. Kd3 Kd5 70. Kd2 Kc4 71. Kc2 d3+ 72.
Kd2 Kd4 73. Kd1 Ke3 74. Ke1 Ke4 75. Kd2 Kd4 76. Kd1 Kc3 77. Kc1 Kb3 78. Kd1
1/2-1/2

[Event "First Saturday 2011 marcius FM-B"]
[Site "Budapest"]
[Date "2011.03.06"]
[Round "1.2"]
[White "Breen, Anthony"]
[Black "Hegedus, Peter dr"]
[Result "0-1"]
[WhiteElo "1669"]
[BlackElo "1792"]
[PlyCount "100"]
[EventDate "2011.03.05"]

1. e4 e6 2. d4 d5 3. Nd2 Nf6 4. e5 Nfd7 5. Bd3 c5 6. c3 Nc6 7. Ngf3 cxd4 8.
cxd4 f6 9. O-O fxe5 10. dxe5 Be7 11. Re1 O-O 12. Nb3 h6 13. a3 Nc5 14. Nxc5
Bxc5 15. Bc2 Qe7 16. Qd3 g5 17. Be3 Bxe3 18. Rxe3 Bd7 19. b4 a6 20. Rc1 Qg7 21.
Bb1 Rf7 22. h3 Raf8 23. Qe2 Ne7 24. Rc7 Bb5 25. Qc2 Nc6 26. Rxf7 Qxf7 27. Nh2
Nd4 28. Qb2 Nf5 29. Rf3 Qc7 30. Ng4 Kg7 31. Nf6 Rc8 32. Bxf5 exf5 33. Nh5+ Kg6
34. g4 f4 35. h4 Qc1+ 36. Qxc1 Rxc1+ 37. Kh2 Re1 38. Rc3 Bc4 39. Nf6 Rxe5 40.
Nd7 Re2 41. h5+ Kf7 42. Kg2 Re7 43. Nb6 Re4 44. Rc2 Ke6 45. Na4 Kd6 46. Rd2 Re2
47. Rxe2 Bxe2 48. f3 Bb5 49. Nc3 Ke5 50. Kf2 Kd4 0-1

[Event "First Saturday 2011 marcius FM-B"]
[Site "Budapest"]
[Date "2011.03.06"]
[Round "1.2"]
[White "Csetneki, Mark"]
[Black "Klement, Bence"]
[Result "1/2-1/2"]
[WhiteElo "1640"]
[BlackElo "1697"]
[PlyCount "112"]
[EventDate "2011.03.05"]

1. d4 d5 2. c4 c6 3. Nf3 Nf6 4. e3 Bg4 5. h3 Bh5 6. Nbd2 e6 7. Bd3 Bd6 8. Qb3
Qc8 9. O-O O-O 10. Bc2 Nbd7 11. e4 dxe4 12. Nxe4 Nxe4 13. Bxe4 Nf6 14. Bc2 Rd8
15. Bg5 Be7 16. Rad1 Qc7 17. Qd3 Bg6 18. Qc3 Bxc2 19. Qxc2 h6 20. Bh4 c5 21.
Bg3 Qb6 22. Be5 Rac8 23. dxc5 Qxc5 24. b3 a6 25. Bd4 Qc6 26. Ne5 Qc7 27. Qb2
Bc5 28. Bxc5 Qxc5 29. b4 Qc7 30. f4 Rxd1 31. Rxd1 Qb6+ 32. Kh2 Qe3 33. Qd2 Qb6
34. Nd7 Nxd7 35. Qxd7 Qc7 36. Qxc7 Rxc7 37. c5 Kf8 38. Kg3 Ke7 39. Kf3 Kf6 40.
Ke4 a5 41. a3 axb4 42. axb4 Ke7 43. g4 f6 44. h4 g6 45. g5 h5 46. Rd6 Rc6 47.
Rxc6 bxc6 48. Kd4 fxg5 49. fxg5 Kd7 50. Ke4 Ke8 51. Kf4 Kd7 52. Ke5 Ke7 53. Ke4
Kd8 54. Kd3 Kd7 55. Kd4 Kd8 56. Ke4 Kd7 1/2-1/2

[Event "First Saturday 2011 marcius FM-B"]
[Site "Budapest"]
[Date "2011.03.07"]
[Round "1.3"]
[White "Klement, Bence"]
[Black "Yilmaz, Harun"]
[Result "1-0"]
[WhiteElo "1697"]
[BlackElo "1568"]
[PlyCount "113"]
[EventDate "2011.03.05"]

1. d4 d5 2. c4 c6 3. Nf3 Nf6 4. Nc3 e6 5. e3 Be7 6. Bd3 dxc4 7. Bxc4 O-O 8. O-O
Nbd7 9. b3 c5 10. Bb2 Nb6 11. Be2 Bd7 12. Rc1 Rc8 13. Qd3 c4 14. Qd1 cxb3 15.
Qxb3 Nbd5 16. Nxd5 Nxd5 17. Rxc8 Bxc8 18. Rc1 Qb6 19. Qxb6 Nxb6 20. Ne5 Bd6 21.
Bf3 f6 22. Nd3 Na4 23. Ba1 Nb6 24. Nc5 Bxc5 25. Rxc5 Rd8 26. g3 Kf7 27. Rc7+
Rd7 28. Rxd7+ Nxd7 29. Bc3 Nb6 30. Kf1 Ke7 31. Bb4+ Kd8 32. Ke2 Kc7 33. Bf8 g6
34. Bg7 Nd7 35. Kd3 Kd6 36. h4 e5 37. Bh6 b6 38. Kc3 Ba6 39. dxe5+ Nxe5 40. Bf4
Ke6 41. Bd1 Kd5 42. Bb3+ Bc4 43. e4+ Kc5 44. Be3+ Kb5 45. a4+ Ka5 46. Bxc4 Kxa4
47. Bg8 h5 48. Bd4 Ng4 49. Be6 Ne5 50. Bxe5 fxe5 51. Bf7 a5 52. Bxg6 b5 53.
Bxh5 b4+ 54. Kb2 Kb5 55. Be2+ Kc5 56. h5 a4 57. h6 1-0

[Event "First Saturday 2011 marcius FM-B"]
[Site "Budapest"]
[Date "2011.03.07"]
[Round "1.3"]
[White "Hegedus, Peter dr"]
[Black "Csetneki, Mark"]
[Result "1-0"]
[WhiteElo "1792"]
[BlackElo "1640"]
[PlyCount "65"]
[EventDate "2011.03.05"]

1. e4 c5 2. c3 Nf6 3. e5 Nd5 4. d4 cxd4 5. Nf3 e6 6. cxd4 Nc6 7. Bc4 Nb6 8. Bb3
d5 9. O-O Be7 10. Nc3 O-O 11. a3 Bd7 12. Bc2 Re8 13. Qd3 g6 14. Bh6 Bf8 15. Qd2
Nc4 16. Qc1 Ne7 17. Bxf8 Rxf8 18. Qh6 f5 19. exf6 Rxf6 20. Ng5 Nf5 21. Bxf5
Rxf5 22. Qxh7+ Kf8 23. Qh8+ Ke7 24. Qg7+ Ke8 25. Qxg6+ Kf8 26. Nxe6+ Bxe6 27.
Qxe6 Qg5 28. Rfe1 Nd2 29. Qd6+ Kg8 30. Qg3 Raf8 31. Re2 Qxg3 32. hxg3 Nb3 33.
Rd1 1-0

[Event "First Saturday 2011 marcius FM-B"]
[Site "Budapest"]
[Date "2011.03.07"]
[Round "1.3"]
[White "Czipp, Janos"]
[Black "Breen, Anthony"]
[Result "1/2-1/2"]
[WhiteElo "1599"]
[BlackElo "1669"]
[PlyCount "119"]
[EventDate "2011.03.05"]

1. Nf3 c5 2. c4 Nc6 3. Nc3 g6 4. g3 Bg7 5. Bg2 e6 6. e4 Nge7 7. O-O O-O 8. b3
d5 9. exd5 exd5 10. cxd5 Nxd5 11. Bb2 Ndb4 12. Ne1 Ne5 13. Na4 Qe7 14. Nc2 Nbd3
15. Qe2 Nxb2 16. Nxb2 Bg4 17. Qe3 Bf5 18. Rac1 Qd7 19. d4 Ng4 20. Qf3 Bh6 21.
Ne3 Nxe3 22. fxe3 cxd4 23. Nc4 Rfe8 24. Rce1 b5 25. Ne5 Qd6 26. Ng4 Bxg4 27.
Qxg4 Rad8 28. Qf3 Bxe3+ 29. Kh1 Qc7 30. Rd1 f5 31. Qe2 a6 32. Rd3 Rc8 33. Qf3
Qd6 34. Rfd1 Qe5 35. Qe2 Rc1 36. Rxc1 Bxc1 37. Qxe5 Rxe5 38. Rd1 Be3 39. Bf3 b4
40. Be2 a5 41. Kg2 g5 42. g4 f4 43. Rh1 Kg7 44. h3 Rc5 45. Bc4 a4 46. Ra1 Kf6
47. Kf3 Ke5 48. Rh1 axb3 49. Bxb3 d3 50. h4 h6 51. hxg5 hxg5 52. Rh5 Kd4 53.
Rh7 Kc3 54. Rd7 d2 55. Ke4 Kb2 56. Kf3 Rc3 57. Ke2 f3+ 58. Kxf3 Rxb3 59. axb3
Bf4 60. Rd3 1/2-1/2

[Event "First Saturday 2011 marcius FM-B"]
[Site "Budapest"]
[Date "2011.03.08"]
[Round "1.4"]
[White "Yilmaz, Harun"]
[Black "Breen, Anthony"]
[Result "1-0"]
[WhiteElo "1568"]
[BlackElo "1669"]
[PlyCount "37"]
[EventDate "2011.03.05"]

1. e4 c5 2. Nf3 d6 3. d4 cxd4 4. Nxd4 Nf6 5. Nc3 g6 6. Be3 Bg7 7. Be2 a6 8. f3
Nc6 9. Qd2 Qc7 10. O-O-O b5 11. h4 h6 12. g4 Nxd4 13. Bxd4 Kf8 14. g5 Nd7 15.
Bxg7+ Kxg7 16. gxh6+ Kh7 17. h5 Nb6 18. hxg6+ fxg6 19. Nd5 1-0

[Event "First Saturday 2011 marcius FM-B"]
[Site "Budapest"]
[Date "2011.03.08"]
[Round "1.4"]
[White "Csetneki, Mark"]
[Black "Czipp, Janos"]
[Result "1-0"]
[WhiteElo "1640"]
[BlackElo "1599"]
[PlyCount "65"]
[EventDate "2011.03.05"]

1. e4 d6 2. d4 Nf6 3. Bd3 g6 4. c4 c6 5. Nc3 Bg7 6. Nge2 e5 7. d5 O-O 8. h3 Na6
9. Bg5 Qa5 10. a3 Qc7 11. O-O h6 12. Be3 c5 13. Qd2 Bd7 14. Bxh6 Qc8 15. Kh2
Kh7 16. Be3 Rh8 17. Rh1 Kg8 18. Kg1 Nc7 19. b4 b6 20. Ra2 Qf8 21. Ng3 Bh6 22.
f3 Bxe3+ 23. Qxe3 Qh6 24. Qxh6 Rxh6 25. Kf2 Kg7 26. Raa1 Rah8 27. Nce2 g5 28.
Bc2 g4 29. fxg4 Kf8 30. g5 Ng4+ 31. hxg4 Rh2 32. Rxh2 Rxh2 33. Rh1 1-0

[Event "First Saturday 2011 marcius FM-B"]
[Site "Budapest"]
[Date "2011.03.08"]
[Round "1.4"]
[White "Klement, Bence"]
[Black "Hegedus, Peter dr"]
[Result "0-1"]
[WhiteElo "1697"]
[BlackElo "1792"]
[PlyCount "92"]
[EventDate "2011.03.05"]

1. d4 f5 2. Bg5 g6 3. Nf3 Bg7 4. e3 Nh6 5. Nc3 d5 6. Bd3 Nf7 7. h4 h6 8. Bf4 c6
9. Ne2 Nd7 10. c4 e5 11. dxe5 Ndxe5 12. Nxe5 Nxe5 13. Bxe5 Bxe5 14. Qc2 Be6 15.
cxd5 Bxd5 16. e4 Qa5+ 17. Nc3 Bxe4 18. Bxe4 fxe4 19. Qxe4 O-O-O 20. O-O Rd4 21.
Qxg6 Rxh4 22. g3 Rd4 23. Rfe1 Bc7 24. Re8+ Rxe8 25. Qxe8+ Rd8 26. Qe6+ Kb8 27.
Qxh6 Qe5 28. Qg6 Bb6 29. Qe4 Qxg3+ 30. Qg2 Bxf2+ 31. Kf1 Qxg2+ 32. Kxg2 Bd4 33.
Rd1 Kc7 34. Rc1 Bxc3 35. Rxc3 Rd2+ 36. Kf3 Rxb2 37. Ra3 Kb6 38. Ke3 Rb4 39. Kd2
c5 40. Kc2 a5 41. Rh3 a4 42. Rh6+ Ka5 43. Rh7 b6 44. Rh6 Rg4 45. Kb2 Rg3 46.
Rf6 Kb5 {after 24 move} 0-1

[Event "First Saturday 2011 marcius FM-B"]
[Site "Budapest"]
[Date "2011.03.09"]
[Round "1.5"]
[White "Hegedus, Peter dr"]
[Black "Yilmaz, Harun"]
[Result "1-0"]
[WhiteElo "1792"]
[BlackElo "1568"]
[PlyCount "55"]
[EventDate "2011.03.05"]

1. e4 e5 2. Bc4 Nf6 3. d4 Nxe4 4. dxe5 Qe7 5. Nf3 Qb4+ 6. Nbd2 Nxd2 7. Nxd2 Nc6
8. O-O Be7 9. Qe2 O-O 10. Nf3 d6 11. c3 Qb6 12. Be3 Qa5 13. b4 Qa3 14. Qc2 g6
15. Bc1 Bf5 16. Qd2 Qa4 17. Re1 Nxe5 18. Nxe5 dxe5 19. Qe2 Bf6 20. g4 Bd7 21.
Bh6 Rfe8 22. Qf3 Qc6 23. Bd5 Qd6 24. g5 e4 25. Qxf6 Qxf6 26. gxf6 Bf5 27. Rad1
Rad8 28. Bxb7 {after 10 move} 1-0

[Event "First Saturday 2011 marcius FM-B"]
[Site "Budapest"]
[Date "2011.03.09"]
[Round "1.5"]
[White "Czipp, Janos"]
[Black "Klement, Bence"]
[Result "0-1"]
[WhiteElo "1599"]
[BlackElo "1697"]
[PlyCount "60"]
[EventDate "2011.03.05"]

1. Nf3 Nf6 2. c4 c6 3. g3 g6 4. Bg2 Bg7 5. O-O O-O 6. d4 d5 7. b3 Bf5 8. Re1
Nbd7 9. e3 Ne4 10. Bb2 e6 11. Nfd2 Nxd2 12. Qxd2 Nf6 13. f3 Bxb1 14. Raxb1 Rc8
15. c5 Re8 16. Bc3 b6 17. b4 Nd7 18. Rb3 e5 19. dxe5 Nxe5 20. Qe2 f6 21. Bd2
Nd7 22. cxb6 axb6 23. f4 f5 24. Qf2 Nf6 25. Bc3 Ng4 26. Qd2 d4 27. exd4 Bxd4+
28. Bxd4 Rxe1+ 29. Qxe1 Qxd4+ 30. Kf1 Nxh2+ 0-1

[Event "First Saturday 2011 marcius FM-B"]
[Site "Budapest"]
[Date "2011.03.09"]
[Round "1.5"]
[White "Breen, Anthony"]
[Black "Csetneki, Mark"]
[Result "1-0"]
[WhiteElo "1669"]
[BlackElo "1640"]
[PlyCount "67"]
[EventDate "2011.03.05"]

1. d4 d5 2. Nf3 c6 3. e3 Bg4 4. Nbd2 e6 5. c4 Nf6 6. Qc2 Bb4 7. Bd3 O-O 8. O-O
Nbd7 9. Ne5 Bh5 10. f4 Bg6 11. Nxg6 fxg6 12. Nf3 Qe7 13. c5 Ba5 14. b4 Bc7 15.
b5 Rab8 16. Qa4 Ra8 17. bxc6 bxc6 18. Qxc6 Ba5 19. Bb5 Rfc8 20. Qa6 Bd8 21. Ng5
Nf8 22. Ba3 Ne4 23. Nxe4 dxe4 24. Bc6 Rab8 25. Rab1 Nd7 26. Bxe4 Nf6 27. Bf3
Nd5 28. Bg4 Nc7 29. Qc6 h5 30. Bh3 Kf7 31. Rb7 Kg8 32. Rfb1 Qe8 33. Qxe8+ Nxe8
34. Bxe6+ 1-0

[Event "First Saturday 2011 marcius FM-B"]
[Site "Budapest"]
[Date "2011.03.10"]
[Round "2.1"]
[White "Yilmaz, Harun"]
[Black "Cstneki, Mark"]
[Result "1/2-1/2"]
[WhiteElo "1568"]
[BlackElo "1640"]
[PlyCount "32"]
[EventDate "2011.03.05"]

1. e4 c5 2. Nf3 e6 3. d4 cxd4 4. Nxd4 a6 5. Nc3 Qc7 6. a3 Nf6 7. Be3 Be7 8. Be2
O-O 9. O-O d6 10. Qd2 b6 11. Kh1 Bb7 12. Bf3 Nbd7 13. g3 Ne5 14. Bg2 Nc4 15.
Qc1 Rac8 16. Nde2 Rfd8 {after 25 move} 1/2-1/2

[Event "First Saturday 2011 marcius FM-B"]
[Site "Budapest"]
[Date "2011.03.10"]
[Round "2.1"]
[White "Breen, Anthony"]
[Black "Klement, Bence"]
[Result "0-1"]
[WhiteElo "1669"]
[BlackElo "1697"]
[PlyCount "68"]
[EventDate "2011.03.05"]

1. d4 d5 2. Nf3 Nf6 3. c4 c6 4. Qc2 g6 5. e3 Bf5 6. Qb3 Qc7 7. Nc3 e6 8. Nh4
dxc4 9. Bxc4 Bg7 10. Nxf5 exf5 11. f3 O-O 12. O-O Nbd7 13. e4 fxe4 14. Qd1 exf3
15. Qxf3 Nb6 16. Bf4 Qd7 17. Bb3 Qxd4+ 18. Be3 Qg4 19. Qf2 Qd7 20. Rad1 Qc8 21.
Bc5 Rd8 22. Be7 Rxd1 23. Bxd1 Nbd7 24. Bb3 Qc7 25. Qh4 Qb6+ 26. Kh1 Re8 27.
Bxf6 Nxf6 28. Qc4 Qc7 29. h3 Re7 30. Bd1 Rd7 31. Qe2 Qd8 32. Qc4 Nd5 33. Qb3
Bxc3 34. bxc3 Ne3 0-1

[Event "First Saturday 2011 marcius FM-B"]
[Site "Budapest"]
[Date "2011.03.10"]
[Round "2.1"]
[White "Czipp, Janos"]
[Black "Hegedus, Peter dr"]
[Result "0-1"]
[WhiteElo "1599"]
[BlackElo "1792"]
[PlyCount "54"]
[EventDate "2011.03.05"]

1. c4 f5 2. d4 Nf6 3. Nf3 g6 4. Bf4 Bg7 5. e3 d6 6. Nbd2 O-O 7. h3 c6 8. Qb3
Kh8 9. Rd1 Qa5 10. Be2 Ne4 11. h4 e5 12. Bh2 Nd7 13. Kf1 Nxd2+ 14. Nxd2 Nf6 15.
Qc3 Qxc3 16. bxc3 Re8 17. f3 Bh6 18. dxe5 dxe5 19. Bg1 Be6 20. Ke1 Rad8 21. Nb3
b6 22. Bh2 Rxd1+ 23. Kxd1 f4 24. e4 Nh5 25. Bd3 Rd8 26. Kc2 Bf8 27. Rd1 Be7 0-1

[Event "First Saturday 2011 marcius FM-B"]
[Site "Budapest"]
[Date "2011.03.11"]
[Round "2.2"]
[White "Czipp, Janos"]
[Black "Yilmaz, Harun"]
[Result "0-1"]
[WhiteElo "1599"]
[BlackElo "1568"]
[PlyCount "168"]
[EventDate "2011.03.05"]

1. c4 c6 2. Nf3 Nf6 3. d4 d5 4. Nc3 e6 5. Bf4 Bb4 6. a3 Be7 7. e3 Nbd7 8. Bd3
O-O 9. O-O dxc4 10. Bxc4 b5 11. Ba2 Bb7 12. b4 a5 13. Qb1 Nh5 14. Ne2 Nxf4 15.
Nxf4 Qc7 16. Nd3 axb4 17. axb4 Ra4 18. Nc5 Nxc5 19. bxc5 Rfa8 20. Qb2 Qa5 21.
Qb3 Rxa2 22. Rxa2 Qxa2 23. Qd3 Ra3 24. Qe4 Qd5 25. Qf4 Ra8 26. Qc7 Bf6 27. Qxb7
Rd8 28. Re1 Qd7 29. Qxd7 Rxd7 30. Ra1 Kf8 31. Ra6 Rc7 32. Ra8+ Ke7 33. Kf1 Kd7
34. Ke2 Rc8 35. Rxc8 Kxc8 36. Kd3 Kb7 37. Kc3 Ka6 38. Kb4 Bd8 39. Ne5 Ba5+ 40.
Kb3 Be1 41. Nd3 Ba5 42. e4 Kb7 43. g4 Kc7 44. f4 Bd2 45. f5 exf5 46. exf5 Be3
47. Kc3 f6 48. Ne1 b4+ 49. Kc4 b3 50. Kxb3 Bxd4 51. Kc4 Be5 52. h3 Kd7 53. Nc2
g6 54. Nb4 Kc7 55. Nd3 Kd7 56. Nf2 Ke7 57. Kd3 Bb8 58. Ke4 Ba7 59. Nd3 Kf7 60.
Kd4 Ke7 61. Nf4 gxf5 62. gxf5 Bb8 63. Ne6 Be5+ 64. Ke4 Bg3 65. Nd4 Kd7 66. Ne6
Ke7 67. Kd3 Be5 68. Ke4 Bg3 69. Kf3 Bh4 70. Kg4 Bf2 71. Kf3 Bg1 72. Ke4 Bf2 73.
Kd3 Bg3 74. Nd4 Bf2 75. Nb3 Kd7 76. Kc4 Kc7 77. Nd2 Bg3 78. Ne4 Be5 79. h4 Kd7
80. h5 Ke7 81. Kb4 Bc7 82. Nd2 Kf7 83. Nc4 Kg7 84. Nd6 Kh6 {after 6 move} 0-1

[Event "First Saturday 2011 marcius FM-B"]
[Site "Budapest"]
[Date "2011.03.11"]
[Round "2.2"]
[White "Hegedus, Peter dr"]
[Black "Breen, Anthony"]
[Result "1-0"]
[WhiteElo "1792"]
[BlackElo "1669"]
[PlyCount "59"]
[EventDate "2011.03.05"]

1. e4 e6 2. d4 d5 3. Nc3 Nf6 4. e5 Nfd7 5. f4 Be7 6. Nf3 O-O 7. Be3 c5 8. Bd3
Nc6 9. a3 cxd4 10. Nxd4 Nxd4 11. Bxd4 Nc5 12. Be2 Bd7 13. O-O Rc8 14. Rf3 f6
15. exf6 Bxf6 16. Qd2 Bxd4+ 17. Qxd4 Qf6 18. Rd1 b6 19. Rf2 Be8 20. Qxf6 Rxf6
21. Bg4 Bd7 22. g3 Rg6 23. Bh3 Na4 24. Nxd5 Kf8 25. Ne3 Ke7 26. b3 Nc5 27. Rfd2
Bc6 28. f5 Rg5 29. fxe6 Rc7 30. Nf5+ 1-0

[Event "First Saturday 2011 marcius FM-B"]
[Site "Budapest"]
[Date "2011.03.11"]
[Round "2.2"]
[White "Klement, Bence"]
[Black "Csetneki, Mark"]
[Result "1/2-1/2"]
[WhiteElo "1697"]
[BlackElo "1640"]
[PlyCount "92"]
[EventDate "2011.03.05"]

1. d4 d5 2. c4 c6 3. Nf3 Nf6 4. Nc3 e6 5. Bg5 Be7 6. e3 h6 7. Bh4 O-O 8. Bd3
Nbd7 9. O-O dxc4 10. Bxc4 b5 11. Bd3 a6 12. Rc1 c5 13. dxc5 Nxc5 14. Bb1 Qb6
15. Qc2 Rd8 16. Rfd1 Bb7 17. Nd4 Rac8 18. f3 Na4 19. Nxa4 bxa4 20. Qe2 Nd5 21.
Bxe7 Nxe7 22. Kh1 Nc6 23. Nxc6 Bxc6 24. Rxd8+ Rxd8 25. Rd1 Bb5 26. Qc2 Rxd1+
27. Qxd1 g6 28. Qd2 Bc4 29. Kg1 Bd5 30. Kf2 Kg7 31. Qd4+ Qxd4 32. exd4 Kf6 33.
Ke3 Ke7 34. a3 Kd6 35. Bc2 Bc6 36. Kd3 Kd5 37. Kc3 a5 38. Be4+ Kd6 39. Bxc6
Kxc6 40. Kc4 f5 41. g4 fxg4 42. fxg4 g5 43. h3 Kb6 44. d5 exd5+ 45. Kxd5 Kb5
46. Kd4 Kb6 1/2-1/2

[Event "First Saturday 2011 marcius FM-B"]
[Site "Budapest"]
[Date "2011.03.12"]
[Round "2.3"]
[White "Yilmaz, Harun"]
[Black "Klement, Bence"]
[Result "1-0"]
[WhiteElo "1568"]
[BlackElo "1697"]
[PlyCount "92"]
[EventDate "2011.03.05"]

1. e4 e6 2. d4 d5 3. exd5 exd5 4. Nf3 Nf6 5. Be2 Bd6 6. O-O O-O 7. Nc3 c6 8.
Bg5 h6 9. Be3 Bf5 10. h3 Nbd7 11. Qd2 Re8 12. Rfe1 Rc8 13. Bf4 Bxf4 14. Qxf4
Bxc2 15. Ne5 Nxe5 16. dxe5 Nd7 17. Bh5 Re7 18. Re2 Bh7 19. Rae1 Nc5 20. e6 fxe6
21. Qd2 Qd6 22. Bg4 Rf8 23. Qd4 a6 24. b4 Ne4 25. Nxe4 Bxe4 26. Rxe4 Rf6 27.
Re5 Kf7 28. R1e3 Kg8 29. Rf3 Rxf3 30. Bxf3 Re8 31. Bg4 Re7 32. a3 Kf7 33. f4 a5
34. Qc5 Qxc5+ 35. bxc5 Kf6 36. h4 g6 37. Kf2 h5 38. Bh3 Kf7 39. Ke3 Kf6 40. Kd4
Kf7 41. Kc3 Kf6 42. Kb3 Kf7 43. Ka4 Kf6 44. Kxa5 Kf7 45. Kb4 Kf6 46. Re2 Kf7
1-0

[Event "First Saturday 2011 marcius FM-B"]
[Site "Budapest"]
[Date "2011.03.12"]
[Round "2.3"]
[White "Csetneki, Mark"]
[Black "Hegedus, Peter dr"]
[Result "0-1"]
[WhiteElo "1640"]
[BlackElo "1792"]
[PlyCount "98"]
[EventDate "2011.03.05"]

1. d4 f5 2. Nf3 Nf6 3. g3 g6 4. Bg2 Bg7 5. O-O O-O 6. b3 d6 7. Bb2 c6 8. c4 Na6
9. Nbd2 Qe8 10. Re1 Ne4 11. Nxe4 fxe4 12. Nd2 d5 13. f3 exf3 14. Nxf3 Bf5 15.
Nh4 Be6 16. Rc1 Qd7 17. e4 Bg4 18. Qd2 dxc4 19. Rxc4 Rad8 20. e5 Nc7 21. Qg5
Be6 22. Rcc1 Rf7 23. Be4 Bd5 24. Bxd5 cxd5 25. Ng2 Ne6 26. Qe3 Rdf8 27. Rf1 Qb5
28. Nf4 Nxf4 29. gxf4 Bh6 30. Rc5 Qa6 31. Kg2 Rxf4 32. Rxf4 Bxf4 33. Qf3 Bc1
34. Bxc1 Rxf3 35. Kxf3 Qf1+ 36. Ke3 Qh3+ 37. Kd2 Qxh2+ 38. Kc3 Qxa2 39. Rxd5
Qa1+ 40. Bb2 Qe1+ 41. Kc4 Qe2+ 42. Kc3 Qe4 43. Rc5 a6 44. Ba3 Qe3+ 45. Kb4 Qd2+
46. Kc4 b5+ 47. Kd5 Kf7 48. e6+ Kf6 49. Bc1 Qg2# 0-1

[Event "First Saturday 2011 marcius FM-B"]
[Site "Budapest"]
[Date "2011.03.12"]
[Round "2.3"]
[White "Breen, Anthony"]
[Black "Czipp, Janos"]
[Result "1-0"]
[WhiteElo "1669"]
[BlackElo "1599"]
[PlyCount "103"]
[EventDate "2011.03.05"]

1. d4 d6 2. Nf3 Nf6 3. Bg5 Bf5 4. Bxf6 exf6 5. Nbd2 Be7 6. e4 Bg6 7. c3 O-O 8.
h4 h6 9. h5 Bh7 10. Qb3 b6 11. Nh4 Kh8 12. Bc4 Qe8 13. O-O-O c6 14. Bd3 d5 15.
Rh3 Qd7 16. Re1 Re8 17. exd5 Bxd3 18. dxc6 Nxc6 19. Rxd3 Bf8 20. Rde3 Rxe3 21.
Rxe3 Rc8 22. Kb1 Qc7 23. Ndf3 Nb4 24. a3 Nc6 25. Qb5 Qd8 26. d5 Ne7 27. c4 Rc5
28. Qa4 Ra5 29. Qc2 Rc5 30. Qe2 Rc8 31. Nd4 Ng8 32. Nc6 Qd7 33. Qf3 Re8 34.
Rxe8 Qxe8 35. Qe3 Qd7 36. Qg3 Bd6 37. Qd3 Qg4 38. Nf5 Be5 39. Nxe5 fxe5 40. d6
Qg5 41. g4 Qd8 42. Qd5 Qd7 43. Qxe5 f6 44. Qd5 Kh7 45. b4 a6 46. c5 Qb5 47. d7
Qf1+ 48. Kc2 Qe2+ 49. Kb3 a5 50. d8=Q a4+ 51. Kxa4 Qc2+ 52. Kb5 1-0

[Event "First Saturday 2011 marcius FM-B"]
[Site "Budapest"]
[Date "2011.03.13"]
[Round "2.4"]
[White "Breen, Anthony"]
[Black "Yilmaz, Harun"]
[Result "1-0"]
[WhiteElo "1669"]
[BlackElo "1568"]
[PlyCount "69"]
[EventDate "2011.03.05"]

1. e4 e5 2. Nf3 Nc6 3. Bb5 a6 4. Ba4 Nf6 5. Qe2 Be7 6. O-O b5 7. Bb3 O-O 8. Rd1
d6 9. c3 Bg4 10. d3 Na5 11. Bc2 c5 12. Bg5 Nc6 13. Bxf6 Bxf6 14. Nbd2 Re8 15.
Bb3 Qc7 16. a4 Ne7 17. Nf1 Ng6 18. g3 Bg5 19. Ra2 Qe7 20. Ne3 Bxe3 21. Qxe3 Qf6
22. Kg2 Rad8 23. axb5 axb5 24. Ra7 Re7 25. Rda1 Rxa7 26. Rxa7 Be6 27. Bxe6 fxe6
28. Rb7 Ra8 29. Rxb5 Ra2 30. Qg5 Qf8 31. Qh5 Qe8 32. Qh3 Qxb5 33. Qxe6+ Kf8 34.
Ng5 Ra7 35. Nxh7# 1-0

[Event "First Saturday 2011 marcius FM-B"]
[Site "Budapest"]
[Date "2011.03.13"]
[Round "2.4"]
[White "Czipp, Janos"]
[Black "Csetneki, Mark"]
[Result "0-1"]
[WhiteElo "1599"]
[BlackElo "1640"]
[PlyCount "84"]
[EventDate "2011.03.05"]

1. d4 d5 2. c4 e6 3. Nf3 Nf6 4. Nc3 c6 5. e3 Bd6 6. Bd3 dxc4 7. Bxc4 b5 8. Bd3
Bb7 9. O-O O-O 10. b3 a6 11. Ne4 Nxe4 12. Bxe4 Nd7 13. Qc2 Nf6 14. Bd3 Rc8 15.
e4 Bb8 16. Bb2 h6 17. Rac1 Ba7 18. Ba3 Re8 19. Bc5 Bxc5 20. Qxc5 Qe7 21. Qc2
Red8 22. Rfd1 Nh5 23. Qc5 Qxc5 24. dxc5 Nf6 25. Rd2 Rd7 26. Ne5 Rd4 27. f3 Rcd8
28. Kf2 Nd7 29. Ng4 h5 30. Ne3 Ne5 31. Rcd1 Nxd3+ 32. Kg3 f5 33. Nc2 R4d7 34.
exf5 exf5 35. f4 Nxc5 36. Rxd7 Rxd7 37. Rxd7 Nxd7 38. b4 c5 39. bxc5 Nxc5 40.
h4 Ne4+ 41. Kh2 Kf7 42. Ne3 g6 0-1